000 00937nam a22002417a 4500
001 5637
003 FISKH
005 20250108112343.0
008 250108b cb ||||| |||| 00| 0 eng d
020 _a9781407111742
040 _aFISKH
_beng
_cFISKH
_dFISKH
082 _a759.5
100 _aCox, Michael
245 _aDa Vinci and his super brain /
_cby Michael Cox
260 _aNew York :
_bScholastic ;
_c2003.
300 _a176 pages :
_billustrations ;
_c21 cm .
490 _aHorribly Famous
520 _aYou've probably heard of Leonardo da Vinci. He is dead famous for painting the Mona Lisa and designing the first-ever flying machine. But have heard that Leonardo spent ten years making a seven-metre tall horse, thought pink was the coolest colour for clothes and loved to play practical jokes?
650 _ahumor
_vnon-fiction
700 _aGoddard, Clive
_eillustrator
942 _2ddc
_cBK
_n0
999 _c5637
_d5637